header

Legal integration of Islam (Record no. 59436)

MARC details
000 -LEADER
fixed length control field 01808nam a2200373 a 4500
082 04 - DEWEY DECIMAL CLASSIFICATION NUMBER
Classification number 340.9094
100 1# - MAIN ENTRY--AUTHOR NAME
Personal name Joppke, Christian.
245 10 - TITLE STATEMENT
Title Legal integration of Islam
260 ## - PUBLICATION, DISTRIBUTION, ETC. (IMPRINT)
Place of publication Cambridge, Mass. :
Name of publisher Harvard University Press,
Year of publication 2013.
300 ## - PHYSICAL DESCRIPTION
Number of Pages 211 p.
505 0# - FORMATTED CONTENTS NOTE
Formatted contents note Neutrality, liberalism, and islam integration in Europe and America -- Limits of excluding: the French burqa law of 2010 -- Limits of including: Germany's reticence to "cooperate" with organized Islam -- "Reasonable accommodation" and the limits of multiculturalism in Canada -- The dog that didn't bark: Islam and religious pluralism in the United States -- Islam and identity in the liberal state.
650 #0 - SUBJECT ADDED ENTRY--TOPICAL TERM
Topical Term Legal polycentricity
Topical Term Legal polycentricity
Topical Term Islamic law
Topical Term Islamic law
700 1# - ADDED ENTRY--PERSONAL NAME
Personal name Torpey, John,
856 40 - ELECTRONIC LOCATION AND ACCESS
Uniform Resource Identifier http://site.ebrary.com/lib/rucke/Doc?id=10678063

No items available.

© 2026 Rongo University
Contact us: librarian | system librarian | Rongo university